000 00365 a2200169 4500
001 186855
020 _a978-85-16-06398-6
040 _cMagnum
100 _aRocha, Ruth
240 1 0 _aNinguém gosta de mim?
_lpor
245 1 0 _aNinguém gosta de mim?
300 _a19
362 0 _a2009
440 1 _aSalamandra
697 _aLITERATURA INFANTO
942 _cBK
999 _c186855
_d186855